=LDR 00000nam 2200000 4500 =001 INLIS000000000028414 =005 20200313100052 =035 ##$$a 0010-061300000028414 =008 200313################g##########0#ind## =020 ##$$a 979-26-0704-8 =082 ##$$a 297.99 =100 1#$$a Iqbal, Muhammad Zafar =245 1#$$a Kafilah budaya : $b Pengaruh persia terhadap kebudayaan Indonesia /$c Dr.Muhammad Zafar Iqbal; pnerjemah, Yusuf Anas; editor, Muhsin Labib =260 ##$$a Jakarta :$b Citra,$c 2006 =084 ##$$a 297.99 IQB k =300 ##$$a xiii, 231 hlm, : $b Ilus. ; $c 13 x 20 cm =650 #4$$a Islam dan kebudayaan =250 ##$$a cet.1 =500 ##$$a Judul asli :Ttsire Zoban va adabiyah e farsi va e Irani dar zoban va adabiyah e Anunezi =700 #$$a Yusuf Anas =700 #$$a Muhsin Labib Anas =700 #$$a Muhsin Labib =990 ##$$a 30709439 =990 ##$$a 30709436 =990 ##$$a 30709437 =990 ##$$a 30709438